Culture Générale - Série 2169 - Statistiques

Statistiques générales
  • Ce quiz a été pris 76 fois
  • Le résultat moyen est 3 sur 10
Statistiques - réponses
Question Réponse % Correct
Quelle île a accueilli Victor Hugo, chassé de France après le coup d'état de Louis Napoléon Bonaparte ? Guernesey
68%
Dans quel pays se trouvent les villes de Braga et Guimaraes ? Portugal
58%
Unité de mesure chinoise de distance qui équivaut à environ 500 mètres. li
55%
Ce poisson des lac de l'Arctique s'appelle "omble ... voir photo chevalier
35%
Quel homme politique français fut 2 fois Président de la République sans avoir été élu au suffrage universel ? prénom et nom Alain Poher
34%
Durant la seconde guerre mondiale, comment était surnommé le lance-roquettes ? bazooka
16%
Dans quelle ville de Tunisie se trouve la grande mosquée Oqba Ibn Nafi ? Kairouan
8%
Dans quel département français se trouve la ville de Mouzon ? Ardennes
4%
Comment appelle-t-on également les îles éoliennes au nord de la Sicile dans la mer Tyrrhénienne ? Lipari
4%
Quel village tunisien est réputé pour ses habitations troglodytes ? Matmata
3%
Aucun quiz correspondant
Distribution des résultats
% des personnes avec chaque résultat
Percentile par nombre de réponses
Votre historique - résultats
Vous n’avez pas pris ce quiz